| 000 | 00522nam a2200181Ia 4500 | ||
|---|---|---|---|
| 003 | GCL | ||
| 008 | 140319s9999 xx 000 0 eng d | ||
| 040 |
_aGCL / _cGCL |
||
| 082 | 0 | 4 |
_a382.4 _bM E |
| 100 | 1 | _aMILLER, DAVINA | |
| 245 | 1 | 0 |
_aEXPORT OR DIE: BRITIAN'S DEFENCE TRADE WITH IRAN AND IRAQ / _cMILLER, DAVINA |
| 260 |
_a[S.N] : _bCASSELL ، _c1996 |
||
| 300 | _a247 P | ||
| 650 | 0 | 4 | _aARMS SALES |
| 650 | 0 | 4 | _aENGLAND - FOREIGN RELATIONS - IRAN |
| 650 | 0 | 4 | _aENGLAND - FOREIGN RELATIONS - IRAQ |
| 942 |
_2ddc _cBK |
||
| 999 |
_c14026 _d14026 |
||